| 000 | 00444nam a2200181 4500 | ||
|---|---|---|---|
| 003 | SEACOMEC | ||
| 005 | 20240724162035.0 | ||
| 008 | 240620b |||||||| |||| 00| 0 eng d | ||
| 020 | _c150.00 | ||
| 040 | _aSEACOMEC | ||
| 082 |
_a510 _bP153 |
||
| 100 | _a Pal, B.K | ||
| 245 |
_aEngineering mathematics : Vol- 1 _c/ B.K. Pal and K. Das |
||
| 250 | _a3rd rev ed. | ||
| 260 |
_aKolkata _b U,N.Dhur, _c2007 |
||
| 300 | _avol- 1 | ||
| 942 | _cBOOK | ||
| 999 |
_c1482 _d1482 |
||